A Climate Modelling Primer / (Record no. 616049)

000 -LEADER
fixed length control field 00511nam a22001817a 4500
003 - CONTROL NUMBER IDENTIFIER
control field NUST
005 - DATE AND TIME OF LATEST TRANSACTION
control field 20260203101214.0
008 - FIXED-LENGTH DATA ELEMENTS--GENERAL INFORMATION
fixed length control field 260203b ||||| |||| 00| 0 eng d
020 ## - INTERNATIONAL STANDARD BOOK NUMBER
International Standard Book Number 978-0470857519
082 ## - DEWEY DECIMAL CLASSIFICATION NUMBER
Classification number 551.6011
100 ## - MAIN ENTRY--PERSONAL NAME
Personal name Kendal McGuffie, & Ann Henderson-Sellers.
9 (RLIN) 133038
245 ## - TITLE STATEMENT
Title A Climate Modelling Primer /
Statement of responsibility, etc. Kendal McGuffie, & Ann Henderson-Sellers.
250 ## - EDITION STATEMENT
Edition statement 3rd Edition
260 ## - PUBLICATION, DISTRIBUTION, ETC.
Place of publication, distribution, etc. England:
Name of publisher, distributor, etc. Wiley,
Date of publication, distribution, etc. 2005
300 ## - PHYSICAL DESCRIPTION
Extent 280 p ;
563 ## - BINDING INFORMATION
Binding note Paperback
942 ## - ADDED ENTRY ELEMENTS (KOHA)
Source of classification or shelving scheme
Koha item type Book
Holdings
Withdrawn status Lost status Source of classification or shelving scheme Damaged status Not for loan Permanent Location Current Location Date acquired Total Checkouts Full call number Barcode Date last seen Price effective from Koha item type
          Institute of Geographical Information Systems (IGIS) Institute of Geographical Information Systems (IGIS) 02/03/2026   551.6011 IGIS-574 02/03/2026 02/03/2026 Book
© 2023 Central Library, National University of Sciences and Technology. All Rights Reserved.